00398pab a2200133 454500008004000000100002100040245009700061260000900158300001300167362001100180650003300191650002500224773001500249180718b2008 xxu||||| |||| 00| 0 eng d aChhibber, Bharti aRight to information act: an instrument for stronger and vibrant democratic process in India c2008 ap.17-18. a28 Mar aRight to information - India aRight to information aMainstream